Chính sách đối ngoại của Mỹ dưới thời tổng thống Bill Clinton giai đoạn 1993-2001
Сохранить в:
| Главный автор: | |
|---|---|
| Формат: | Неизвестно |
| Язык: | Vietnamese |
| Опубликовано: |
2014
|
| Предметы: | |
| Метки: |
Добавить метку
Нет меток, Требуется 1-ая метка записи!
|
| Thư viện lưu trữ: | Mạng thư viện Đại học Đà Nẵng |
|---|
| LEADER | 00947na a2200289 4500 | ||
|---|---|---|---|
| 001 | 000032123 | ||
| 003 | 8113 | ||
| 005 | 20151014000000.0 | ||
| 008 | 151001s2014 000 vie | ||
| 041 | |a vie | ||
| 082 | |a 959.73 |b VO-P | ||
| 100 | |a Võ Thị Thùy Phương | ||
| 245 | |a Chính sách đối ngoại của Mỹ dưới thời tổng thống Bill Clinton giai đoạn 1993-2001 |c Võ Thị Thùy Phương | ||
| 260 | |c 2014 | ||
| 300 | |a 60tr. : mh ; 30cm | ||
| 650 | |a Võ Thị Thùy Phương, 2014, Khoa QTH, giai đoạn 1993-2001, tổng thống Bill Clinton , mỹ | ||
| 852 | |b Chuyên đề |c Luận văn sinh viên 1 | ||
| OWN | |a LNN | ||
| 999 | |a From the UDN01 | ||
| TYP | |a Printed language | ||
| 980 | |a Mạng thư viện Đại học Đà Nẵng | ||